000
00220nam a22000857a 4500
008
161209b xxu||||| |||| 00| 0 eng d
100
_9
1962
_a
Mohindroo.K.K.
245
_a
Physics Lab Manuel-XI-I
260
_a
New Delhi
_b
PPC
_c
2011
999
_c
4756
_d
4756